| 000 | 00815nam a2200253 i 4500 | ||
|---|---|---|---|
| 003 | DO-SdBNP | ||
| 005 | 20250610085214.0 | ||
| 007 | ta | ||
| 008 | 250604b2024 dr ||||| |||| 00| 0 spa d | ||
| 020 | _a9789566138945 | ||
| 040 |
_aDO-SdBNP _bspa _cBNPHU _erda |
||
| 082 |
_axxx _bM521 _222 |
||
| 100 | 1 |
_aMelgen, Lety _eautora _4aut. _987217 |
|
| 245 | 1 | 0 |
_aVida digna y cuidados : _buna disputa de las ciudadanías del siglo XXI / _cLety Melgen |
| 264 | 1 |
_aSanto Domingo : _bFundación Friedrich Ebert Stiftung, _c2024. |
|
| 300 |
_a12 páginas : _c30 cm. |
||
| 490 | 1 | _aTrabajo y justicia social | |
| 490 | 1 | _aPerspectiva | |
| 500 | _aIncluye datos biografícos de la autora en la página 15. | ||
| 504 | _aBibliografía p: 12. | ||
| 590 | _aInventariado, 2025/ YL | ||
| 910 | _aYLockward | ||
| 942 |
_2ddc _cLF2 |
||
| 999 |
_c58441 _d58441 |
||